Normal view
MARC view
- منصور ، عوض/ م مشارك عزام صبري
Entry Personal Name
001 - CONTROL NUMBER
- control field: 15972
003 - CONTROL NUMBER IDENTIFIER
- control field: JO-AjAnu
005 - DATE AND TIME OF LATEST TRANSACTION
- control field: 20230606072840.0
008 - FIXED-LENGTH DATA ELEMENTS
- fixed length control field: 230606|| aca||aabn | a|a d
040 ## - CATALOGING SOURCE
- Original cataloging agency: JO-AjAnu
- Transcribing agency: JO-AjAnu
100 ## - HEADING--PERSONAL NAME
- Personal name: منصور ، عوض/ م مشارك عزام صبري
670 ## - SOURCE DATA FOUND
- Source citation: Work cat.: (JO-AjAnu)8200: منصور ، عوض/ م مشارك عزام صبري , author, اسس التحليل الرياضي